00613nam a2200157 a 4500008004100000050001500041245004200056246003000098250001100128260005000139300001500189350000900204995009400213999001700307952013100324120416s1963 ||||||||||||||||| || u aTA 439 Cem10aReport on concrete practice, part one amaterials and workmanship a3rd ed aLondonbCement and Concrete Associationc1963 a62p. : ill a0.00 D0.00FCBU-MAIN LIBRARY (Kitwe)H1I10.00M1UDAMAGEDZMain Library Open Access Collection c56186d56186 00102lcc4070a001b001cMain Library Open Access Collectiond2022-11-30l0oTA 439 Cemp014882r2022-11-30w2022-11-30y002